000 00819cam a2200205 a 4500
001 000006011
005 20200929151901.0
008 011120s2001 mx 001 p spa d
040 _aDO-SdBNP
_cSAP
_dDLC
_dBNPHU
082 _aCu861.44
_bG958a
100 1 _aGuillén, Nicolás,
_q(Nicolás Cristóbal Guillén Batista)
_d1902-1989.
_916934
245 1 0 _aAntología de la poesía cósmica de Nicolás Guillén / :
_bNicolás Guillén ; prólogo, Salvador Bueno Menéndez.
260 _aMéxico :
_bFrente de Afirmación Hispanista,
_c2001.
300 _axiv, 140 p. ;
_c23 cm.
500 _aAnálisis arquetípico, Fredo Arias de la Canal.
650 4 _aPoesía cubana
_95226
650 4 _aLiteratura cubana
_ySIGLO XX
_99186
700 1 _aBueno Menéndez, Salvador,
_epról.
_916935
910 _aCatalogación por copia / LC
999 _c5807
_d5807